[Event "Balatonbereny"]
[Site "Balatonbereny"]
[Date "1996.??.??"]
[Round "3"]
[White "Horvath, Jozsef"]
[Black "Stangl, Markus"]
[Result "1/2-1/2"]
[WhiteElo "2505"]
[BlackElo "2565"]
[PlyCount "27"]
[EventDate "1996.06.13"]
[Source "ChessBase"]

1. d4 d5 2. c4 e6 3. Nc3 c6 4. e3 f5 5. f4 Nf6 6. Nf3 Be7 7. Be2 O-O 8. O-O Ne4 9. Qc2 Nd7 10. b3 Nxc3 11. Qxc3 Nf6 12. a4 Ne4 13. Qd3 b6 14. Ne5 1/2-1/2

[Event "17th Open, Geneva SUI"]
[Site "?"]
[Date "2001.??.??"]
[Round "3"]
[White "Miton, K."]
[Black "Ulibin, M."]
[Result "0-1"]
[WhiteElo "2495"]
[BlackElo "2570"]
[PlyCount "66"]
[EventDate "2001.??.??"]
[Source "www.chesslib.no"]
[SourceDate "2004.05.04"]

1. d4 e6 2. c4 f5 3. Nc3 Nf6 4. Qc2 b6 5. Nf3 Bb4 6. a3 Bxc3+ 7. Qxc3 Bb7 8. g3 O-O 9. Bg2 d6 10. O-O Qe7 11. b4 Nbd7 12. Bb2 a6 13. Rac1 Be4 14. Qb3 Ra7 15. d5 exd5 16. Nd4 dxc4 17. Qxc4+ d5 18. Qb3 Bxg2 19. Kxg2 Qe4+ 20. f3 Qe8 21. Rc6 Nb8 22. Rc2 Qd7 23. Qe3 Ne8 24. Rfc1 Rf7 25. Qe5 Rb7 26. Ba1 h6 27. Kf1 Rf6 28. Rc3 Qf7 29. Re3 Nd6 30. Nc6 Nc4 31. Ne7+ Kh7 32. Rxc4 dxc4 33. Nd5 Rd6 0-1